Statistics for London Landmarks

Click here to take the quiz!

General Stats

  • This quiz has been taken 48 times
  • The average score is 10 of 15

Answer Stats

Answer% Correct
Tower Bridge
100%
Buckingham Palace
98%
London Eye
98%
The Shard
95%
Tower of London
84%
St Pauls Cathedral
77%
Houses of Parliament
72%
Nelson's Column
63%
Westminster Abbey
60%
The Cenotaph
58%
Thames Barrier
42%
Cutty Sark
40%
British Museum
33%
Monument
30%
Cleopatra's Needle
26%

Score Distribution

Percentile by Number Answered

Percent of People with Each Score

Your Score History

You have not taken this quiz